Podíl dGT na computerizaci holkaře

Oddychový článok zaoberajúci sa dGT-Database Grafhics Toolkit, jednoduchého spojenia textu a grafiky. Popis a využitie dGT.

Salvato in:
Dettagli Bibliografici
Autore principale: Krob, J.
Natura: Capitolo di libro
Lingua:ceco
Soggetti:
Tags: Aggiungi Tag
Nessun Tag, puoi essere il primo ad aggiungerne!!

MARC

LEADER 00000naa a2200000 4500
001 r023976
005 20221213083153.3
041 0 |a cze 
044 |a CZ 
245 1 0 |a Podíl dGT na computerizaci holkaře  |c J. Krob 
520 |a Oddychový článok zaoberajúci sa dGT-Database Grafhics Toolkit, jednoduchého spojenia textu a grafiky. Popis a využitie dGT. 
610 2 0 |a využitie počítačov 
610 2 0 |a softvér 
610 2 0 |a počítače osobné 
610 2 0 |a programy počítačové 
100 1 |a Krob, J.